Transportation network analysis / (Record no. 17727)
[ view plain ]
| 000 -LEADER | |
|---|---|
| fixed length control field | 01019pam a2200289 a 4500 |
| 001 - CONTROL NUMBER | |
| control field | 3527294 |
| 005 - DATE AND TIME OF LATEST TRANSACTION | |
| control field | 20131102103500.0 |
| 008 - FIXED-LENGTH DATA ELEMENTS--GENERAL INFORMATION | |
| fixed length control field | 961121s1997 enka rb 001 0 eng |
| 010 ## - LIBRARY OF CONGRESS CONTROL NUMBER | |
| LC control number | 96049966 |
| 020 ## - INTERNATIONAL STANDARD BOOK NUMBER | |
| International Standard Book Number | 047196493X |
| 020 ## - INTERNATIONAL STANDARD BOOK NUMBER | |
| International Standard Book Number | 9780471964933 |
| 040 ## - CATALOGING SOURCE | |
| Original cataloging agency | DLC |
| Transcribing agency | DLC |
| Modifying agency | DLC |
| 050 00 - LIBRARY OF CONGRESS CALL NUMBER | |
| Classification number | TA1145 |
| Item number | .B45 1997 |
| 082 00 - DEWEY DECIMAL CLASSIFICATION NUMBER | |
| Classification number | 629.04 |
| Edition number | 22 |
| Item number | BEL |
| 100 1# - MAIN ENTRY--PERSONAL NAME | |
| Personal name | Bell, Michael G. H. |
| 9 (RLIN) | 34353 |
| 245 10 - TITLE STATEMENT | |
| Title | Transportation network analysis / |
| Statement of responsibility, etc | Michael G.H. Bell, Yasunori Iida. |
| 260 ## - PUBLICATION, DISTRIBUTION, ETC. (IMPRINT) | |
| Place of publication, distribution, etc | Chichester ; |
| -- | New York : |
| Name of publisher, distributor, etc | J. Wiley, |
| Date of publication, distribution, etc | c1997. |
| 300 ## - PHYSICAL DESCRIPTION | |
| Extent | ix, 216 p. : |
| Other physical details | ill. ; |
| Dimensions | 25 cm. |
| 504 ## - BIBLIOGRAPHY, ETC. NOTE | |
| Bibliography, etc | Includes bibliographical references (p. [209]-213) and index. |
| 650 #0 - SUBJECT ADDED ENTRY--TOPICAL TERM | |
| Topical term or geographic name as entry element | Transportation engineering. |
| 9 (RLIN) | 34354 |
| 653 ## - INDEX TERM--UNCONTROLLED | |
| Resource For college | |
| Arrived date list | November2013 |
| 655 ## - INDEX TERM--GENRE/FORM | |
| Form subdivision | |
| -- | 34232 |
| 700 1# - ADDED ENTRY--PERSONAL NAME | |
| Personal name | Iida, Yasunori. |
| 9 (RLIN) | 34355 |
| 856 42 - ELECTRONIC LOCATION AND ACCESS | |
| Materials specified | Publisher description |
| Uniform Resource Identifier | <a href="http://www.loc.gov/catdir/description/wiley032/96049966.html">http://www.loc.gov/catdir/description/wiley032/96049966.html</a> |
| 856 4# - ELECTRONIC LOCATION AND ACCESS | |
| Materials specified | Table of Contents |
| Uniform Resource Identifier | <a href="http://www.loc.gov/catdir/toc/onix03/96049966.html">http://www.loc.gov/catdir/toc/onix03/96049966.html</a> |
| 942 ## - ADDED ENTRY ELEMENTS (KOHA) | |
| Source of classification or shelving scheme | Dewey Decimal Classification |
| Item type | Book - Borrowing |
| Withdrawn status | Item status | Source of classification or shelving scheme | Damaged status | Not for loan | Vendor | Home library | Current library | Shelving location | Date acquired | Source of acquisition | Total Checkouts | Full call number | Barcode | Date last seen | Koha item type |
|---|---|---|---|---|---|---|---|---|---|---|---|---|---|---|---|
| Dewey Decimal Classification | Baccah | Central Library | Central Library | First floor | 02/11/2013 | 629.04 BEL | 000029589 | 15/07/2025 | Book - Borrowing | ||||||
| Dewey Decimal Classification | Baccah | Central Library | Central Library | First floor | 02/11/2013 | 629.04 BEL | 000029590 | 15/07/2025 | Book - Borrowing |